Медицинские радиологические последствия Чернобыля: прогноз и фактические данные спустя 30 лет

Xehetasun bibliografikoak
Beste egile batzuk: Иванов В. К. Виктор Константинович (редактор), Каприн А. Д. Андрей Дмитриевич
Gaia:В книге анализируются фактические данные, накопленные в результате изучения медицинских последствий аварии на Чернобыльской АЭС. Приводится обзор дозиметрических, медицинских, радиационно-эпидемиологических результатов обследования лиц, подвергшихся радиационному облучению в результате аварии.Для специалистов, занимающихся изучением последствий радиационного воздействия на здоровье человека и окружающую среду, специалистов в области радиационной безопасности и радиологической защиты, преподавателей и студентов высших учебных заведений, широкого круга читателей, интересующихся медицинскими последствиями чернобыльской аварии.
Hizkuntza:errusiera
Argitaratua: Москва, ГЕОС, 2015
Gaiak:
Formatua: MixedMaterials Liburua
KOHA link:https://koha.lib.tpu.ru/cgi-bin/koha/opac-detail.pl?biblionumber=308561

MARC

LEADER 00000nam0a2200000 4500
001 308561
005 20231102002115.0
010 |a 9785891186880 
035 |a (RuTPU)RU\TPU\book\333881 
090 |a 308561 
100 |a 20151103d2015 k y0rusy50 ca 
101 0 |a rus 
102 |a RU 
105 |a a z 001zy 
200 1 |a Медицинские радиологические последствия Чернобыля: прогноз и фактические данные спустя 30 лет  |f под ред. В. К. Иванова , А. Д. Каприна 
210 |a Москва  |c ГЕОС  |d 2015 
215 |a 450 с.  |c ил. 
320 |a Список сокращений: с. 6-7. 
320 |a Сведения о редакторах: с. 443. 
320 |a Сведения об авторах: с. 444-446. 
330 |a В книге анализируются фактические данные, накопленные в результате изучения медицинских последствий аварии на Чернобыльской АЭС. Приводится обзор дозиметрических, медицинских, радиационно-эпидемиологических результатов обследования лиц, подвергшихся радиационному облучению в результате аварии.Для специалистов, занимающихся изучением последствий радиационного воздействия на здоровье человека и окружающую среду, специалистов в области радиационной безопасности и радиологической защиты, преподавателей и студентов высших учебных заведений, широкого круга читателей, интересующихся медицинскими последствиями чернобыльской аварии. 
606 1 |a Радиология  |x Медицина  |2 stltpush  |3 (RuTPU)RU\TPU\subj\53419  |9 71677 
610 1 |a Чернобыльская АЭС 
610 1 |a Чернобыльская катастрофа 
610 1 |a последствия 
610 1 |a ретроспективная дозиметрия 
610 1 |a дозиметрический мониторинг 
610 1 |a население 
610 1 |a ликвидаторы 
610 1 |a накопленные дозы 
610 1 |a цитогенетическое обследование 
610 1 |a радиация 
610 1 |a воздействие 
610 1 |a соматический мутагенез 
610 1 |a клиническая радиология 
610 1 |a щитовидная железа 
610 1 |a рак 
610 1 |a ультразвуковая диагностика 
610 1 |a радионуклиды 
610 1 |a радиационно загрязненные территории 
610 1 |a онкопатология 
610 1 |a радиационная эпидемиология 
610 1 |a радиационные риски 
675 |a 615.84  |v 4 
702 1 |a Иванов  |b В. К.  |g Виктор Константинович  |4 340 
702 1 |a Каприн  |b А. Д.  |g Андрей Дмитриевич  |4 340 
801 1 |a RU  |b 63413507  |c 20151103 
801 2 |a RU  |b 63413507  |c 20160226  |g RCR 
942 |c BK 
959 |a 138/20151103  |d 1  |e 1000,00  |f ЧЗТЛ:1